| 000 | 00640nam a22002177a 4500 | ||
|---|---|---|---|
| 005 | 20190110110948.0 | ||
| 008 | 181115b xxu||||| |||| 00| 0 eng d | ||
| 020 |
_a9788183165686 _c₹ 1195.00 |
||
| 040 | _aLoreto College | ||
| 041 | _aEnglish | ||
| 082 |
_a371.102 _bSAN |
||
| 100 | _aSandeep, John Milin | ||
| 245 |
_aTeaching of Computer Science _cJohn Milin Sandeep |
||
| 260 |
_aNew Delhi _bNeelkamal Publication _c2015 |
||
| 300 |
_a344 p. _b24 cm. |
||
| 504 | _aIncludes bibliographical references and index | ||
| 650 | _aTeaching of computer science | ||
| 650 | _aTechnology - Education | ||
| 850 | _aLCLIB | ||
| 942 | _cBK | ||
| 999 |
_c41915 _d92394 |
||